U.S States With the Letter R - Statistics

General Stats
  • This quiz has been taken 366 times
  • The average score is 20 of 21
Answer Stats
U.S States % Correct
Rhode Island
98%
Arkansas
97%
Georgia
97%
North Carolina
97%
California
96%
Florida
96%
New Jersey
96%
New York
96%
South Carolina
96%
Arizona
95%
Colorado
95%
Delaware
94%
North Dakota
94%
Oregon
94%
Virginia
94%
West Virginia
94%
New Hampshire
92%
Vermont
92%
Nebraska
90%
Maryland
89%
Missouri
89%
No matching quizzes found
Score Distribution
Percent of People with Each Score
Percentile by Number Answered
Your Score History
You have not taken this quiz